00451nam a2200193Ia 4500003000900000008004100009040001300050040001300063041000800076100002000084245007900104250001200183260001500195260000900210300001100219300000900230300001200239490000600251IT-RoPAU120407s9999 xx 000 0 und d aIT-RoPAU cIT-RoPAU aita aAntonio Sartori a"La provincia del Santo. Dei Frati Minori comventuali. Notizie storiche. " aPadova  aMessaggero c1958 a339 p. bill. c24,5 cm v1